| 000 | 00605nam a2200217 a 4500 | ||
|---|---|---|---|
| 999 |
_c2989 _d2989 |
||
| 001 | 2989 | ||
| 003 | BD-JhCC | ||
| 005 | 20171108205340.0 | ||
| 008 | 171108s1964 bg |||| ||a| 000 0 ben d | ||
| 035 | _a(BD-JhCC)2989 | ||
| 040 |
_aBD-JhCC _dBD-JhCC |
||
| 041 | _aben | ||
| 082 |
_a861.443 _bHAQ 1964 |
||
| 100 | _aহক, সফিউল | ||
| 245 |
_aজনতা জাগে / _c সফিউল হক |
||
| 260 |
_aঢাকা : _bছরতিয়া লাইব্রেরী, _c১৯৬৪. |
||
| 300 |
_a244 p. : _c16 cm. |
||
| 650 | _aBengali Novel | ||
| 942 |
_2ddc _cBK |
||